Catálogo

Downtown : (Registro nro. 70758)

Detalles MARC
000 -LEADER
fixed length control field 01642nam a2200409 i 4500
001 - CONTROL NUMBER
control field 70758
003 - CONTROL NUMBER IDENTIFIER
control field Mx-PuUPA
005 - DATE AND TIME OF LATEST TRANSACTION
control field 20231201141531.0
008 - FIXED-LENGTH DATA ELEMENTS--GENERAL INFORMATION
fixed length control field 231129s2012 sp a gr 000 0 spa d
017 ## - COPYRIGHT OR LEGAL DEPOSIT NUMBER
Copyright or legal deposit number Z-10-2012
020 ## - INTERNATIONAL STANDARD BOOK NUMBER
International Standard Book Number 9788492902859
040 ## - CATALOGING SOURCE
Transcribing agency Mx-PuUPA
Original cataloging agency Mx-PuUPA
Language of cataloging spa
Modifying agency Mx-PuUPA
Description conventions rda
041 0# - LANGUAGE CODE
Language code of text/sound track or separate title spa
100 1# - MAIN ENTRY--PERSONAL NAME
Personal name Lang, Noël,
9 (RLIN) 15182
Relator term autor
245 10 - TITLE STATEMENT
Title Downtown :
Remainder of title un cómic /
Statement of responsibility, etc. de Noël Lang y Rodrigo García ; editor, Ricardo Esteban Plaza
246 30 - VARYING FORM OF TITLE
Title proper/short title Dowton :
Remainder of title un cómic de Noël Lang y Rodrigo García
246 14 - VARYING FORM OF TITLE
Title proper/short title Downtown :
Remainder of title "me llamo Blo. tengo síndomre de Down, una novia, muchos amigos y un disco favotrito".
250 ## - EDITION STATEMENT
Edition statement Primera edición /
Remainder of edition statement marzo
264 #1 - PRODUCTION, PUBLICATION, DISTRIBUTION, MANUFACTURE, AND COPYRIGHT NOTICE
Place of production, publication, distribution, manufacture Madrid, España :
Name of producer, publisher, distributor, manufacturer Dibbuks,
Date of production, publication, distribution, manufacture, or copyright notice 2012
300 ## - PHYSICAL DESCRIPTION
Extent 1 volumen (sin paginación) :
Other physical details ilustraciones (en color) ;
Dimensions 21 cm
336 ## - CONTENT TYPE
Fuente rdacontent
Content type term texto
Content type code txt
336 ## - CONTENT TYPE
Fuente rdacontent
Content type term imagen fija
Content type code sti
337 ## - MEDIA TYPE
Source rdamedia
Media type term sin medio
Media type code n
338 ## - CARRIER TYPE
Source rdacarrier
Carrier type term volumen
Carrier type code nc
500 ## - GENERAL NOTE
General note "A Pa(blo)". -- Página legal
650 #7 - SUBJECT ADDED ENTRY--TOPICAL TERM
Source of heading or term armarc
Topical term or geographic name entry element Niños con discapacidades mentales
General subdivision Comics, tiras cómicas, etc.
Form subdivision
650 #7 - SUBJECT ADDED ENTRY--TOPICAL TERM
Source of heading or term armarc
Topical term or geographic name entry element Síndrome de Down
General subdivision Comics, tiras cómicas, etc.
Form subdivision
650 #7 - SUBJECT ADDED ENTRY--TOPICAL TERM
Source of heading or term armarc
Topical term or geographic name entry element Libros y lectura para niños
650 #7 - SUBJECT ADDED ENTRY--TOPICAL TERM
Source of heading or term armarc
Topical term or geographic name entry element Síndrome de Down
General subdivision Historietas ilustradas
700 1# - ADDED ENTRY--PERSONAL NAME
Personal name García, Rodrigo,
Relator term ilustrador
700 1# - ADDED ENTRY--PERSONAL NAME
Personal name Esteban Plaza, Ricardo,
Relator term editor
942 ## - ADDED ENTRY ELEMENTS (KOHA)
Source of classification or shelving scheme Dewey Decimal Classification
Koha item type Libro
Classification part 741.5
Item part L243
Existencias
Withdrawn status Lost status Source of classification or shelving scheme Damaged status Not for loan Collection code Home library Current library Shelving location Date acquired Source of acquisition Cost, normal purchase price Total Checkouts Full call number Barcode Date last seen Cost, replacement price Price effective from Koha item type
    Dewey Decimal Classification     Infantil Biblioteca Karol Wojtyla Biblioteca Karol Wojtyla Área de silencio 13/11/2023 1 272.00   741.5 L243 2012 104213 05/01/2026 272.00 13/11/2023 Libro infantil